Ecgônômic : Khoa học về yếu tố con người trong lao động
Spremljeno u:
| Glavni autor: | |
|---|---|
| Format: | Knjiga |
| Jezik: | Undetermined |
| Izdano: |
H.
Lao Động
2000
|
| Teme: | |
| Oznake: |
Dodaj oznaku
Bez oznaka, Budi prvi tko označuje ovaj zapis!
|
| Thư viện lưu trữ: | Trung tâm Học liệu Trường Đại học Cần Thơ |
|---|
| LEADER | 00534nam a2200181Ia 4500 | ||
|---|---|---|---|
| 001 | CTU_51094 | ||
| 008 | 210402s9999 xx 000 0 und d | ||
| 020 | |b 18000 | ||
| 082 | |a 620.82 | ||
| 082 | |b L250/T1 | ||
| 100 | |a Nguyễn Văn Lê | ||
| 245 | 0 | |a Ecgônômic : Khoa học về yếu tố con người trong lao động | |
| 245 | 0 | |c Nguyễn Văn Lê | |
| 260 | |a H. | ||
| 260 | |b Lao Động | ||
| 260 | |c 2000 | ||
| 650 | |a human engineering | ||
| 980 | |a Trung tâm Học liệu Trường Đại học Cần Thơ | ||